000 00881nam a2200253Ia 4500
003 OSt
005 20220923215741.0
006 a|||||r|||| 00| 0
007 ta
008 220922b |||||||| |||| 00| 0 hin d
024 _a181,490
037 _cTextual
040 _aARTS
_cARTS
_bhin
041 _2hin
_ahin
082 _aO152,1:g(Y:1), L7
100 _aकुलश्रेष्ठ, सर्वेश
245 0 _aहिन्दी कविता और लोक संस्कृति
246 _aHindī kavitā aur lok sanskṛuti
260 _aवाराणसी
_b विश्व विद्यालय
_c1977
300 _a211 पृ.
_ccm.
650 _aहिन्दी साहित्य
_9156264
942 _hO152,1:g(Y:1), L7
_cTEXL
_2CC
999 _c334867
_d334867